Revelation : (Record no. 5031)
[ view plain ]
| 000 -LEADER | |
|---|---|
| fixed length control field | 00685nam a2200241 a 4500 |
| 001 - CONTROL NUMBER | |
| control field | 13289971 |
| 003 - CONTROL NUMBER IDENTIFIER | |
| control field | OCoLC |
| 005 - DATE AND TIME OF LATEST TRANSACTION | |
| control field | 20181219161638.0 |
| 008 - FIXED-LENGTH DATA ELEMENTS--GENERAL INFORMATION | |
| fixed length control field | 860418s1984 oku b 001 0 eng |
| 010 ## - LIBRARY OF CONGRESS CONTROL NUMBER | |
| LC control number | 86147688 |
| 020 ## - INTERNATIONAL STANDARD BOOK NUMBER | |
| International Standard Book Number | 0892742984 (pbk.) |
| 040 ## - CATALOGING SOURCE | |
| Original cataloging agency | DLC |
| Transcribing agency | DLC |
| Modifying agency | BSC |
| 082 ## - DEWEY DECIMAL CLASSIFICATION NUMBER | |
| Classification number | 228 |
| Item number | S967R |
| 092 ## - LOCALLY ASSIGNED DEWEY CALL NUMBER (OCLC) | |
| Classification number | 228.06 |
| Item number | S967r |
| 100 1# - MAIN ENTRY--PERSONAL NAME | |
| Personal name | Sutton, Hilton. |
| 245 10 - TITLE STATEMENT | |
| Title | Revelation : |
| Remainder of title | God's grand finale / |
| Statement of responsibility, etc. | by Hilton Sutton. |
| 260 ## - PUBLICATION, DISTRIBUTION, ETC. | |
| Place of publication, distribution, etc. | Tulsa, Okla. : |
| Name of publisher, distributor, etc. | Harrison House, |
| Date of publication, distribution, etc. | c1984. |
| 300 ## - PHYSICAL DESCRIPTION | |
| Extent | 251, [7] p. ; |
| Dimensions | 22 cm. |
| 500 ## - GENERAL NOTE | |
| General note | Includes index. |
| 504 ## - BIBLIOGRAPHY, ETC. NOTE | |
| Bibliography, etc. note | Bibliography: p. [252] |
| 630 00 - SUBJECT ADDED ENTRY--UNIFORM TITLE | |
| Uniform title | Bible. |
| Name of part/section of a work | N.T. |
| -- | Revelation |
| General subdivision | Criticism, interpretation, etc. |
| 942 ## - ADDED ENTRY ELEMENTS (KOHA) | |
| Source of classification or shelving scheme | Dewey Decimal Classification |
| Koha item type | Books |
| Withdrawn status | Lost status | Source of classification or shelving scheme | Damaged status | Not for loan | Collection code | Home library | Current library | Shelving location | Date acquired | Cost, normal purchase price | Total Checkouts | Full call number | Barcode | Date last seen | Price effective from | Koha item type |
|---|---|---|---|---|---|---|---|---|---|---|---|---|---|---|---|---|
| Dewey Decimal Classification | Non-fiction | Harvest Mission College | Harvest Mission College | General Stacks | 19.12.2018 | 850.00 | 228 S967R | 005728 | 19.12.2018 | 19.12.2018 | Books |
